00942 2200289 4500001002100000005001700021008004100038020001800079035002500097040001200122082001800134084002000152100002000172245017700192250001100369260003300380300004300413504003000456650002900486700002400515700002400539700002300563850001200586990001800598990001800616990001800634INLIS00000000000562320150730101325.0  a978-3731-35-4 a0010-051500000000756 aYOPDYOG 223a959.80223 a959.80223 Fou S aFOULCHER, Keith aSumpah pemudab: Makna & proses penciptaan simbol kebangsaan Indonesiac/ Keith Foulcher; Penerjemah, Daniel Situmorang dan Iskandar P. Nugraha; Editor, Iskandar P. Nugraha aCet. 2 aDepokbKomunitas Bambuc2008 axxxviii, 114 hlm.b: ilus.c; 17,5 cm. aBibliografi : hlm. 95-102 aSumpah pemuda -- Sejarah aISKANDAR P. Nugraha aISKANDAR P. Nugraha aSITUMORANG, Daniel aYOPDYOG a16412-PD/B.15 a16413-PD/B.15 a16414-PD/B.15